Statistics for F1 2022 Driver Lineup

Click here to take the quiz!

General Stats

  • This quiz has been taken 49 times
  • The average score is 17 of 20

Answer Stats

HintAnswerHint% Correct
BritainHamiltonMercedes
100%
BritainRussellMercedes
97%
BritainNorrisMcLaren
94%
MexicoPerezRed Bull
94%
NetherlandsVerstappenRed Bull
94%
MonacoLeclercFerrari
91%
SpainSainzFerrari
91%
FranceGaslyAlphaTauri
88%
FranceOconAlpine
88%
SpainAlonsoAlpine
85%
AustraliaRicciardoMcLaren
85%
JapanTsunodaAlphaTauri
85%
GermanyVettelAston Martin
85%
FinlandBottasAlfa Romeo
82%
CanadaStrollAston Martin
82%
ThailandAlbonWilliams
79%
ChinaZhouAlfa Romeo
79%
CanadaLatifiWilliams
76%
GermanySchumacherHAAS
76%
RussiaMazepinHAAS
74%

Score Distribution

Percentile by Number Answered

Percent of People with Each Score

Your Score History

You have not taken this quiz